DNA profiling and DNA finerprinting (Record no. 41759)
[ view plain ]
| 000 -LEADER | |
|---|---|
| fixed length control field | 00382nam a2200133Ia 4500 |
| 082 ## - DEWEY DECIMAL CLASSIFICATION NUMBER | |
| Classification number | 577.213.32 |
| Item number | EPP |
| 100 ## - MAIN ENTRY--AUTHOR NAME | |
| Personal name | Epplen, Jorg T |
| 245 #0 - TITLE STATEMENT | |
| Title | DNA profiling and DNA finerprinting |
| 260 ## - PUBLICATION, DISTRIBUTION, ETC. (IMPRINT) | |
| Place of publication | Basel |
| Name of publisher | Birkhauser Verlag |
| Year of publication | 1999 |
| 490 ## - SERIES STATEMENT | |
| Series statement | Methods and tools in biosciences & medicine |
| 700 ## - ADDED ENTRY--PERSONAL NAME | |
| Personal name | Lubjuhn, Thomas |
| 942 ## - ADDED ENTRY ELEMENTS (KOHA) | |
| Koha item type | Books |
| Withdrawn status | Lost status | Damaged status | Not for loan | Home library | Current library | Date acquired | Cost, normal purchase price | Full call number | Accession Number | Koha item type |
|---|---|---|---|---|---|---|---|---|---|---|
| RRII Library | RRII Library | 16/12/2021 | 128.00 | 577.213.32 EPP | 22045 | Books |